000 00481nam a2200205Ia 4500
005 20240823023426.0
008 240823s9999||||xx |||||||||||||| ||und||
020 _a81-219-0146-4
041 _aENGLISH
082 _A620.11 P8
100 _a"Khurmi,R.S"
245 0 _aMaterials Science
250 _aIst
260 _c2008
_b"S Bright,Nage"
500 _aTRANSFERED
650 _aMaterials Science
_bMechanical
700 _a" Sedha,R.S"
942 _cBK
999 _c181512
_d181512